A fate worse than debt /

Bibliographic Details
Main Author: George, Susan
Format: Book
Language:English
Published: New York : Grove Press, 1988.
Edition:1st ed.
Subjects:

MARC

Tag First Indicator Second Indicator Subfields
LEADER 00000cam a2200000 a 4500
001 in00000030282
005 20151007060251.0
008 871210s1988 nyu b 00110 eng
010 |a  87035733  
020 |a 0802110150 :  |c $16.95 
035 |a (OCoLC)17300453 
035 |9 AAC0447AM 
040 |a DLC  |c DLC  |d TXA  |d UtOrBLW 
043 |a d------ 
049 |a TXAM  |c [A11535845] 
050 0 0 |a HJ8899  |b .G46 1988 
082 0 |a 336.3/435/091724  |2 19 
100 1 |a George, Susan. 
245 1 2 |a A fate worse than debt /  |c Susan George. 
250 |a 1st ed. 
264 1 |a New York :  |b Grove Press,  |c 1988. 
300 |a xiv, 292 pages ;  |c 22 cm. 
336 |a text  |b txt  |2 rdacontent 
337 |a unmediated  |b n  |2 rdamedia 
338 |a volume  |b nc  |2 rdacarrier 
504 |a Bibliography: pages [266]-288. 
500 |a Includes index. 
650 0 |a Debts, External  |z Developing countries. 
999 |a MARS 
999 f f |s 661e642d-5cb6-3ddd-9d34-484fd96efbd9  |i 1360d752-e670-324a-acdd-522ac7c44c84  |t 0 
952 f f |p ric  |a Texas A&M University  |b Rellis Campus  |c Joint Library Facility  |d Remote Storage  |t 0  |e HJ8899 .G46 1988  |h Library of Congress classification  |i unmediated -- volume  |m A14811535845 
998 f f |a HJ8899 .G46 1988  |t 0  |l Remote Storage